00564nam a2200193Ia 450000500170000000800410001704000190005804100120007708200160008910000150010524500420012026000420016230000110020465000190021585000100023494200070024499900170025195201020026820240801090833.0131103s9999 xx 000 0 und d aLoreto College aEnglish a821.07bGUR aGurrey, P. 4aThe appreciation of poetrycP. Gurrey aLondonbOxford University pressc1938 a120p.  aEnglish poetry aLCBED cBK c29697d80176 00102ddc4070aMAINbMAINd2013-11-04l0o821.07 GUR 5201pB32544r2013-11-04w2013-11-04yBKf